000 00801nam a2200229Ia 4500
003 GCL
008 140319s9999 xx 000 0 ara d
020 _a6131270977
040 _aGCL /
_cGCL
082 0 4 _a863.03
_bم أ
100 1 _aمحمود على مراد
245 1 0 _aالام الكبيرة :
_bLES FUNERALES DE LA MAMA GAUDE /
_cمحمود على مراد
700 1 _aمحمد حجى
700 1 _aماركيز ، جابرييل جارسيا
250 _aالثالثة
260 _aالقاهرة :
_bالدار المصرية اللبنانية ،
_c2004
300 _a229 ص ؛
_c20 سم
490 _aرويات جائزة نوبل
_v3
650 0 4 _aالقصص الاسبانية المترجمة
650 0 4 _aالادب الاسبانى المترجم
942 _2ddc
_cBK
999 _c8001
_d8001